Děvky, ty to znaj

Korporativní autor: Kabát (hudební skupina)
Jazyk: Čeština
Vydáno: Praha : Monitor, p1993
Témata:
Fyzický popis: 1 CD ; 12 cm + 1 brožura [8 s.].
Zvukové nahrávky
Uloženo v:
LEADER 01459njm a2200469 a 4500
001 000391878
003 CZ BrMZK
005 19950101143423.0
008 950101s1993 xr f cze d
028 0 3 |a 010108-2  |b Monitor 
040 |a BOA001  |b cze 
080 |a 784.4.03"199"(086.7)  |2 MRF 
110 2 |a Kabát (hudební skupina)  |7 kn20010710227  |4 prf 
245 1 0 |a Děvky, ty to znaj  |h [zvukový záznam] /  |c Kabát. 
246 3 3 |a Porcelánový prasata 
246 3 3 |a Pro nás není místo v ráji 
246 3 3 |a Tak to má bejt 
246 3 3 |a Táhni dál 
246 3 3 |a Už jsou zase na koni 
246 3 3 |a Žízeň 
246 3 3 |a Óda na konopí 
246 3 3 |a Aby tě rakovina 
246 3 3 |a Děvky, ty to znaj 
246 3 3 |a Hej moralisti 
246 3 3 |a Jack Daniels 1 
246 3 3 |a Jack Daniels 2 
246 3 3 |a Joint 
246 3 3 |a Moderní děvče 
246 3 3 |a My jsme zamilovaný 
246 3 3 |a Opilci v dějinách 
246 3 3 |a Pivrnec 
260 |a Praha :  |b Monitor,  |c p1993 
300 |a 1 CD ;  |c 12 cm +  |e 1 brožura [8 s.]. 
500 |a Texty písní v brožuře 
500 |a Nahr. neuv 
500 |a Durata neuv 
505 2 |a Aby tě rakovina, Děvky ty to znaj, Hej moralisti ... [et al.] 
653 0 |a rocková hudba 
910 |a BOA001  |b CD-0006.884 
964 |a Hudba rocková  |z stol.20.,léta 90.  |x CD 
990 |a AV 
996 6 |b 261H007246  |c CD-0006.884  |l MZK  |r Sklad / do 24 hodin  |n 1  |p p.v.  |w 000391878  |u 000010  |a 1  |e BOA001  |j MZK50  |s P